Essays

En un libro que contiene los ensayos más predominantes de Buckle, entre ellos: “Mill sobre la libertad” y “La influencia de la mujer en el progreso del conocimiento” que toman más importancia en la obra, además de documentación bibliográfica.

Spremljeno u:
Bibliografski detalji
Glavni autor: Buckle, Henry Thomas
Format: Knjiga
Jezik:Undetermined
Izdano: New York, Estados Unidos D. Appleton 1880
Teme:
Oznake: Dodaj oznaku
Bez oznaka, Budi prvi tko označuje ovaj zapis!

MARC

LEADER 00000nam a2200000Ia 4500
008 170316s9999 xx 000 0 und d
040 |a cru BVZT 
090 |a 820 B-27e 
100 |a Buckle, Henry Thomas 
245 |a Essays 
260 |a New York, Estados Unidos 
260 |b D. Appleton 
260 |c 1880 
300 |a 209 páginas 
520 |a  En un libro que contiene los ensayos más predominantes de Buckle, entre ellos: “Mill sobre la libertad” y “La influencia de la mujer en el progreso del conocimiento” que toman más importancia en la obra, además de documentación bibliográfica. 
650 |a LITERATURA INGLESA  |9 12 
999 |c 6741  |d 6741 
942 |c 15 D  |h 820 B-27e  |2 z